On Durkheim's Elementary forms of religious life (Record no. 72383)
[ view plain ]
| 000 -LEADER | |
|---|---|
| fixed length control field | 01624nam a2200385Ia 4500 |
| 082 04 - DEWEY DECIMAL CLASSIFICATION NUMBER | |
| Classification number | 306.6 |
| 245 00 - TITLE STATEMENT | |
| Title | On Durkheim's Elementary forms of religious life |
| 260 ## - PUBLICATION, DISTRIBUTION, ETC. (IMPRINT) | |
| Place of publication | London ; |
| -- | New York : |
| Name of publisher | Routledge, |
| Year of publication | 1998. |
| 300 ## - PHYSICAL DESCRIPTION | |
| Number of Pages | ix, 225 p. |
| 490 1# - SERIES STATEMENT | |
| Series statement | Routledge studies in social and political thought ; |
| 500 ## - GENERAL NOTE | |
| General note | "Published in conjunction with the British Centre for Durkheimian Studies." |
| 650 #0 - SUBJECT ADDED ENTRY--TOPICAL TERM | |
| Topical Term | Religion. |
| Topical Term | Totemism. |
| 700 1# - ADDED ENTRY--PERSONAL NAME | |
| Personal name | Allen, N. J. |
| Personal name | Pickering, W. S. F. |
| Personal name | Watts Miller, William, |
| 856 40 - ELECTRONIC LOCATION AND ACCESS | |
| Uniform Resource Identifier | http://site.ebrary.com/lib/rucke/Doc?id=10056094 |
No items available.
